000 00256 a2200097 4500
001 49024
100 _aYar Hafiz Ahmed
245 _aIslamiat (Lazmi) Degree Classes Kay Liay
260 _aRawalpindi
_bAllama Iqbal Open University
_c
090 _c31840
_d31840
942 _aNUST-CAE
_cM
_c24270
999 _c284097
_d284097